000 00462nam a2200169 4500
001 143313
003 ES-MaACL
005 20231228205940.0
007 t|
008 070214s1930 sp r ||||1| spa d
100 1 _aSender, Ramón J.,
_d1901-1982
_9105441
245 1 0 _aImán
_b: (novela) /
_cRamón J. Sender.
260 _aMadrid :
_bArgis,
_c1930.
300 _a272 p. ;
_c20 cm.
852 _aES-MaACL
_jR-3087
_xOlim: A-3563
999 _c143313
_d143313